BIBLIOTECA

SENCICO

Abastecimiento de agua y remoción de aguas residuales. Vol. 1 Ingeniería sanitaria y de aguas residuales (Registro nro. 1278)

Detalles MARC
000 -LEADER
fixed length control field 01026nam a2200277Ia 4500
005 - DATE AND TIME OF LATEST TRANSACTION
control field 20251020182506.0
008 - FIXED-LENGTH DATA ELEMENTS--GENERAL INFORMATION
fixed length control field 200515s9999 xx 000 0 und d
020 ## - INTERNATIONAL STANDARD BOOK NUMBER
International Standard Book Number 968-18-0466-X
082 ## - DEWEY DECIMAL CLASSIFICATION NUMBER
Classification number 628.11/F16
100 ## - MAIN ENTRY--PERSONAL NAME
Personal name Fair, Gordon Maskew
100 ## - MAIN ENTRY--PERSONAL NAME
Personal name Geyer, John Charles
100 ## - MAIN ENTRY--PERSONAL NAME
Personal name Okun, Daniel Alexander
245 #0 - TITLE STATEMENT
Title Abastecimiento de agua y remoción de aguas residuales. Vol. 1 Ingeniería sanitaria y de aguas residuales
260 ## - PUBLICATION, DISTRIBUTION, ETC.
Place of publication, distribution, etc. México, D.F.
260 ## - PUBLICATION, DISTRIBUTION, ETC.
Name of publisher, distributor, etc. LIMUSA ; NORIEGA EDITORES
260 ## - PUBLICATION, DISTRIBUTION, ETC.
Date of publication, distribution, etc. 1995
300 ## - PHYSICAL DESCRIPTION
Extent 547 p.
300 ## - PHYSICAL DESCRIPTION
Other physical details il., tbl., graf.
500 ## - GENERAL NOTE
General note 1 ejemplar. Volumen 1
520 ## - SUMMARY, ETC.
Summary, etc. Se examinan temas de gran trascendencia para el manejo y control de la calidad de las aguas en la naturaleza, así como dentro del ciclo de "purificación-remoción de aguas residuales" que se efectúan en los sistemas municipales e industriales.
650 ## - SUBJECT ADDED ENTRY--TOPICAL TERM
Topical term or geographic name entry element ABASTECIMIENTO DE AGUA
650 ## - SUBJECT ADDED ENTRY--TOPICAL TERM
Topical term or geographic name entry element AGUAS RESIDUALES
650 ## - SUBJECT ADDED ENTRY--TOPICAL TERM
Topical term or geographic name entry element INGENIERIA SANITARIA
942 ## - ADDED ENTRY ELEMENTS (KOHA)
Koha item type Libros
Existencias
Fecha de la última vez que lo usaron Pago total Signatura topográfica completa Código de barras Precio efectivo desde Tipo de documento Estado perdido Estado dañado No es para préstamo Retirado Ubicación permanente Ubicación actual Fecha de adquisición
15/05/2020   628.11/F16 Bib-Lima15051278 15/05/2020 Libros         Biblioteca Central Lima Biblioteca Central Lima 15/05/2020